| 000 | 00330 a2200145 4500 | ||
|---|---|---|---|
| 001 | 92074 | ||
| 082 | _a297.18 NAQ | ||
| 090 |
_c44034 _d44033 |
||
| 100 | _aUmm e Danyal Naqqash | ||
| 245 | _aIslaahi Kahanian | ||
| 250 | _a1 | ||
| 260 |
_aLahore _bZam Zam Publishers _c2006 |
||
| 300 |
_a152p. _bHb |
||
| 500 | _aGeneral Book | ||
| 942 |
_aCAE NUST _k297.18 NAQ |
||
| 999 |
_c327147 _d327147 |
||